Normal view
MARC view
- MURRELL, K. F. H
Entry Personal Name
001 - CONTROL NUMBER
- control field: 79396
003 - CONTROL NUMBER IDENTIFIER
- control field: NUST
005 - DATE AND TIME OF LATEST TRANSACTION
- control field: 20210628210431.0
008 - FIXED-LENGTH DATA ELEMENTS
- fixed length control field: 210628|| aca||aabn | a|a d
040 ## - CATALOGING SOURCE
- Original cataloging agency: NUST
- Transcribing agency: NUST
100 ## - HEADING--PERSONAL NAME
- Personal name: MURRELL, K. F. H
670 ## - SOURCE DATA FOUND
- Source citation: Work cat.: (NUST): MURRELL, K. F. H, ERGONOMICS MAN IN HIS WORKING ENVIRONMENT, 1969
